| 000 | 01539nam a2200397 a 4500 | ||
|---|---|---|---|
| 001 | ebr10476828 | ||
| 003 | CaPaEBR | ||
| 006 | m u | ||
| 007 | cr cn||||||||| | ||
| 008 | 070824s2008 nyu sb 001 0beng d | ||
| 010 | _z 2007035155 | ||
| 020 | _z9780875865768 (trade paper : alk. paper) | ||
| 020 | _z0875865763 (trade paper : alk. paper) | ||
| 020 | _z9780875865775 (hard cover : alk. paper) | ||
| 020 | _z0875865771 (hard cover : alk. paper) | ||
| 020 | _z087586578X | ||
| 020 | _z9780875865782 (e-book) | ||
| 040 |
_aCaPaEBR _cCaPaEBR |
||
| 035 | _a(OCoLC)213467822 | ||
| 043 | _an-us--- | ||
| 050 | 1 | 4 |
_aE711.6 _b.S57 2008eb |
| 082 | 0 | 4 |
_a973.8/8092 _222 |
| 082 | 0 | 4 |
_aB _222 |
| 100 | 1 | _aSkrabec, Quentin R. | |
| 245 | 1 | 0 |
_aWilliam McKinley, apostle of protectionism _h[electronic resource] / _cQuentin R. Skrabec, Jr. |
| 260 |
_aNew York : _bAlgora Pub., _cc2008. |
||
| 300 | _a269 p. | ||
| 504 | _aIncludes bibliographical references (p. 261-264) and index. | ||
| 533 |
_aElectronic reproduction. _bPalo Alto, Calif. : _cebrary, _d2013. _nAvailable via World Wide Web. _nAccess may be limited to ebrary affiliated libraries. |
||
| 600 | 1 | 0 |
_aMcKinley, William, _d1843-1901. |
| 650 | 0 |
_aPresidents _zUnited States _vBiography. |
|
| 651 | 0 |
_aUnited States _xPolitics and government _y1897-1901. |
|
| 655 | 7 |
_aElectronic books. _2local |
|
| 710 | 2 | _aebrary, Inc. | |
| 856 | 4 | 0 |
_uhttp://site.ebrary.com/lib/rucke/Doc?id=10476828 _zAn electronic book accessible through the World Wide Web; click to view |
| 999 |
_c116636 _d116636 |
||